Detalles MARC
| 000 -Cabecera |
| Campo de control de longitud fija |
01366aam a2200469 4500 |
| 005 - Fecha y hora de la última transacción |
| Campo de control |
20250723140758.0 |
| 008 - Elementos de longitud fija--Información general |
| Campo de control de longitud fija |
150409b2003 xxu||||| |||| 00| 0 spa d |
| 020 ## - International Standard Book Number |
| Número Internacional Estándar del Libro (ISBN) |
9968312673 |
| 041 ## - Idioma |
| Código de idioma |
Español |
| 082 ## - Clasificación Decimal Dewey |
| Número de clasificación |
658.409.2 B837d |
| 100 ## - Entrada principal--Autor personal |
| Nombre personal |
Brenes Bonilla, Lizette |
| 245 ## - Título propiamente dicho |
| Título |
Dirección estratégica para organizaciones inteligentes |
| 260 ## - Pie de imprenta |
| Lugar de publicación, distribución, etc. |
Costa Rica |
| 260 ## - Pie de imprenta |
| Nombre del editor, distribuidor, etc. |
EUNED |
| 260 ## - Pie de imprenta |
| Fecha de publicación, distribución, etc. |
2003 |
| 300 ## - Descripción física |
| Extensión |
170 páginas |
| 490 ## - Serie |
| Título de la Serie |
Dirección y Administración de Empresas |
| 650 ## - Materia general |
| Temática (materia general) |
LIDERAZGO EJECUTIVO |
| 650 ## - Materia general |
| Temática (materia general) |
ADMINISTRACIÓN DE EMPRESAS |
| 650 ## - Materia general |
| Temática (materia general) |
DIRECCIÓN ESTRATÉGICA |
| 650 ## - Materia general |
| Temática (materia general) |
ORGANIZACIONES INTELIGENTES |
| 650 ## - Materia general |
| Temática (materia general) |
ESTRATEGIA Y ECONOMÍA |
| 650 ## - Materia general |
| Temática (materia general) |
ESTRATEGIA Y ECONOMÍA |
| 650 ## - Materia general |
| Temática (materia general) |
PLAN ESTRATÉGICO |
| 650 ## - Materia general |
| Temática (materia general) |
ESTRATÉGIA EMPRESARIAL |
| 650 ## - Materia general |
| Temática (materia general) |
ADMINISTRACIÓN ESTRATÉGICA |
| 650 ## - Materia general |
| Temática (materia general) |
GLOBALIZACIÓN |
| 650 ## - Materia general |
| Temática (materia general) |
MODELOS DE ADMINISTRACIÓN ESTRATÉGICA |
| 650 ## - Materia general |
| Temática (materia general) |
MARCO ESTRATÉGICO |
| 650 ## - Materia general |
| Temática (materia general) |
MISIÓN |
| 650 ## - Materia general |
| Temática (materia general) |
VISIÓN |
| 650 ## - Materia general |
| Temática (materia general) |
CUADRO DE MANDO INTEGRAL |
| 650 ## - Materia general |
| Temática (materia general) |
FODA EJECUTIVO |
| 650 ## - Materia general |
| Temática (materia general) |
DIAGNÓSTICO CUANTITATIVO |
| 650 ## - Materia general |
| Temática (materia general) |
PLANTEO DE LAS ESTRATEGIAS |
| 650 ## - Materia general |
| Temática (materia general) |
NIVELES DE ESTRATEGIAS |
| 650 ## - Materia general |
| Temática (materia general) |
ARQUITECTURA ORGANIZATIVA |
| 650 ## - Materia general |
| Temática (materia general) |
OUTSOURCING |
| 650 ## - Materia general |
| Temática (materia general) |
INSOURCING |
| 650 ## - Materia general |
| Temática (materia general) |
GUÍAS PRACTICAS |
| 942 ## - Punto de acceso adicional KOHA |
| Tipo de ítem KOHA |
Libro |
| Fuente del sistema de clasificación o colocación |
Dewey Decimal Classification |